| 000 | 00922nas a2200265Ia 4500 | ||
|---|---|---|---|
| 001 | dp5/11-26504 [d000003035] | ||
| 003 | IT-MiCISF | ||
| 008 | 161014c99999999xx |||||||||||| ||und|| | ||
| 040 |
_aIT-MiCISF _cIT-MiCISF |
||
| 041 | _aITALIANO | ||
| 100 | _aSpezzibottiani Mario | ||
| 210 | _aRivista diocesana milanese | ||
| 222 | _aRivista diocesana milanese | ||
| 245 | 0 | _aPresentazione del vademecum per i confessori su alcuni temi di morale attinenti alla vita coniugale | |
| 250 | _a1a ed. | ||
| 260 | _c1997 | ||
| 501 |
_bCISF - Centro Internazionale Studi Famiglia - Via Giotto, 36 20145 MILANO (non commercial uses only) _cCopyright 2016 |
||
| 300 | _app. 920-942 | ||
| 362 | _a [1997] | ||
| 500 | _a Tema: operatori-pastorali, pastorale-sacramenti, matrimonio-sacramento | ||
| 650 |
_aPASTORALE - pastorale familiare _varticolo |
||
| 700 | _aAA.VV. | ||
| 942 | _cCR | ||
| 957 | _71 | ||
| 999 |
_a26504 _bSi _g1 _c218325 _d218325 |
||